| 000 | 01050cab a2200193 4500 | ||
|---|---|---|---|
| 001 | ##L133973 | ||
| 008 | 060626n2006 000 0 eng u | ||
| 035 | _a(Sirsi) u133973 | ||
| 041 | 0 | _aeng | |
| 245 | 0 | 0 |
_aKey data _boccupiers |
| 260 | _c2006 | ||
| 490 | 0 |
_aEuroProperty _vJune 2006, 55(1) |
|
| 520 | _aReports on research from CB Richard Ellis showing how Dublin's transport masterplan will transform its occupier market, and provides data from Jones Lang LaSalle on European warehousing. Dublin is investing in major transport infrastructure development, which will shift the central business district to encompass the entire Docklands area, and encourage new development locations in greater Dublin. The European warehouse leasing market was steady, with central and eastern Europe showing the biggest demand rises. Table shows prime European rents and yields for first quarter 2006. | ||
| 590 | _aIKA040706 | ||
| 651 | 4 | _aDUBLIN | |
| 651 | 4 | _aEUROPEAN | |
| 690 | _aPROPERTY-COMMERCIAL PROPERTY-COMMERCIAL PROPERTY MARKET | ||
| 942 | _n0 | ||
| 999 |
_c77297 _d77297 |
||